Zlata Dônčová: Traja kniežací jazdci

Bibliographic Details
Main Author: H.S (Author)
Format: Article
Language:Slovak
Subjects:

MARC

LEADER 00000nab a2200000 a 4500
001 vtls000112743
003 SK-MaSNL
005 20260304073846.0
008 250423c1982 xo 0 slo
015 |a SNBRB19rr/mm-uuuuu 
035 |a CL0122846 
035 |a urn:nbn:sk:snk-abejn6 
035 |a (urnnbn)urn:nbn:sk:snk:ar-000ht0 
035 |a (uuid)94717b99-5dc1-44ba-9611-2ccda9b7a3ec 
040 |a SNKBUCL  |b slo  |c SNKBUCL  |e AACR2 
041 0 |a slo 
044 |a xo  |c SK 
080 |a 82.09:885.4-3(087.5)(048)  |2 1981 
080 |a 885.4-3(087.5)(048)  |2 1981 
080 |a 885.4-3(087)(048)  |2 1981 
100 1 |a H.S.  |4 aut  |9 921006 
245 1 0 |a Zlata Dônčová: Traja kniežací jazdci  |c H.S. 
500 |a V rubrike Knihy, recenzie, glosy 
600 1 7 |a Dônčová, Zlata,  |d 1905-1985  |t Traja kniežací jazdci  |2 snkbucl  |9 1362889 
650 0 7 |a historické novely  |2 snkbucl  |9 983404 
650 0 7 |a literatúra pre deti a mládež  |2 snkbucl  |9 21893 
655 7 |a glosy  |2 snkbucl  |9 28645 
655 7 |a články z novín a časopisov  |2 snkbucl  |9 267496 
655 7 |a články z odboru literárna veda a krásna literatúra  |2 snkbucl  |9 770045 
773 0 |t Slovenské pohľady  |g Roč. 98, č. 1 (1982), s. 132 
850 |a Slovenská národná knižnica 
852 |a Slovenská národná knižnica 
954 |a odborná, vedecká literatúra pôvodná (slovenská)  |2 lita 
958 |a article27 
958 |a RK 
958 |a LX 
958 |a OND 
958 |a EUIPO 
992 |a RBX 
999 |c 2773590  |d 2775520